000 00726nam a2200217Ia 4500
003 GCL
008 140319s9999 xx 000 0 ara d
040 _aGCL /
_cGCL
082 0 4 _a531
_bف م
100 1 _aفؤاد زين العرب
245 1 0 _aالديناميكا المستوية للجسم المتماسك /
_cفؤاد زين العرب
260 _a[S.N] :
_bدار الراتب الجامعية ،
_c1988
300 _a1712 ص
490 _aالميكانيكا العامة
_v0
650 0 4 _aالديناميكا
650 0 4 _aالاستاتيكا
650 0 4 _aالميكانيكا
650 0 4 _aالميكانيكا العامة
650 0 4 _aالديناميكا التطبيقية
942 _2ddc
_cBK
999 _c56228
_d56228